| 000 | 01075nam a22003377a 4500 | ||
|---|---|---|---|
| 001 | 000026611 | ||
| 003 | CHAP | ||
| 005 | 20220329134751.0 | ||
| 008 | 971013s r 10010 d | ||
| 010 | _a25565 | ||
| 011 | _a26537 | ||
| 035 | _a30638 | ||
| 040 | _cCHAP | ||
| 090 | _aFolleto 715 | ||
| 111 | 0 | 0 |
_aConcurso Nacional de Clubes AgrĂcolas Juveniles de PerĂș ( _n4 _d: 1963 _c: Lima) _926311 |
| 245 | 1 | 0 | _aEntrega de premios ... |
| 260 |
_a(s.e.) : _bPrograma Interamericana para la Juventud Rural, _c(s.a.). |
||
| 300 |
_a11 p. : _b: ilus. |
||
| 590 |
_aBATCH-UPD _b10 _c20130110 _lUCH01 _h0028 |
||
| 590 |
_aBATCH-UPD _b10 _c20130110 _lUCH01 _h2126 |
||
| 590 |
_aBATCH-UPD _b10 _c20130409 _lUCH01 _h2009 |
||
| 590 |
_aBATCH-UPD _b10 _c20130914 _lUCH01 _h1026 |
||
| 590 |
_aCONVERSION _b10 _c20130109 _lUCH01 _h1315 |
||
| 590 |
_aE5995AHE _b05 _c20141114 _lUCH01 _h0952 |
||
| 650 | 1 | 4 |
_aAgricultura _xClubes. _91362 |
| 650 | 1 | 4 |
_aAgricultura _xConcursos. _91372 |
| 901 | _aBK | ||
| 942 | _cFOLL | ||
| 942 | _n0 | ||
| 949 |
_aFolleto 715 _bBC _cFOLL _d-70978 _eTS1 _i30638 _si |
||
| 999 |
_c25565 _d25565 |
||